000 01376nam a2200337 i 4500
003 EG-GICUC
005 20260121101213.0
008 251111s1966 ua |||fr|||| 00| 0 ara d
040 _a EG-GICUC
_bara
_c EG-GICUC
_d EG-GICUC
_erda
041 0 _aAra
082 0 4 _221
_a257.1
_bم ح . أ
092 0 4 _221
099 _aLaw1 01 257.1 م ح . أ 1966
100 0 _aأبي يعلي محمد بن الحسين الفراء
_eمؤلف.
245 1 2 _aالأحكام السلطانية /
_cللقاضي أبى يعلي محمد بن الحسين الفراء الحنبلي ؛ صححه وعلق عليه محمد حامد
_b
250 _aالطابعة الثانية
264 1 _aالقاهرة :
_bمكتبة ومطبعة مصطفي البابي الحلبي،
_c1966.
300 _a333 صفحة :
_bصفحات غير مرقمة ؛
_c24 سم.
336 _2rda content
_atext
337 _2rda media
_aComputer
338 _2rda carrier
_aOnline Resource
504 _aيشتمل على إرجاعات ببليوجرافية.
546 _aالنص باللغة العربية
650 1 _aالنظام السياسي
_2qrmak
650 1 _aالشريعة الإسلامية
_2qrmak
651 1 _2qrmak
700 _aمحمد حامد
_eمساهم
856 4 0 _uhttps://fll.law.cu.edu.eg/fulltext/bks/B01-03227.pdf
905 _a62
942 _2ddc
_cBK
_e21
_n0
999 _c42765
_d42765